Destiny’s Child… or Beyoncé? - Statistics

General Stats
  • This quiz has been taken 192 times
  • The average score is 18 of 20
Answer Stats
Hint Answer % Correct
“Drunk in Love” Beyoncé
97%
“Halo” Beyoncé
97%
“Single Ladies” Beyoncé
96%
“If I Were a Boy” Beyoncé
96%
“Texas Hold ‘Em” Beyoncé
96%
“Bills, Bills, Bills” Destiny’s Child
96%
“Crazy in Love” Beyoncé
95%
“Survivor” Destiny’s Child
94%
“Jumpin’, Jumpin’” Destiny’s Child
94%
“Beautiful Liar” Beyoncé
93%
“Irreplaceable” Beyoncé
93%
“Say My Name” Destiny’s Child
93%
“Independent Women Part I” Destiny’s Child
91%
“Break My Soul” Beyoncé
90%
“Naughty Girl” Beyoncé
90%
“Lose My Breath” Destiny’s Child
90%
“Baby Boy” Beyoncé
89%
“Bootylicious” Destiny’s Child
86%
“Check On It” Beyoncé
76%
“Perfect Duet” Beyoncé
64%
No matching quizzes found
Score Distribution
Percent of People with Each Score
Percentile by Number Answered
Your Score History
You have not taken this quiz